000 00985nam a2200205 a 4500
001 000008362
005 20240527203310.0
008 090916s1999 dr 000 0 spa d
040 _aDO-SdBNP
082 _a658.8701
_bD479d
110 2 _aRepública Dominicana.
_bUnión Nacional de Comerciantes Detallistas
_922568
245 1 3 _aEl detallista del 2000 :
_bestrategia de desarrollo para el próximo milenio.
260 _aSanto Domingo, :
_bUNACO
_fBúho
_c1999.
300 _a133 p. ;
_c21 cm.
500 _aProcede del 3er. Seminario "Desarrollo Gerencial del Comerciante Detallista Rumbo al Año 2005", celebrada 18 de abril 1998 en Santo Domingo, República Dominicana.
650 4 _aComercio minorista
_zRepública Dominicana
_xCongresos, conferencias, etc.
_922569
650 0 _aPolítica comercial
_922570
711 2 _aSeminario "Desarrollo Gerencial del Comerciante Detallista Rumbo al Año 2005"
_n(3er. :
_d1998 :
_cSanto Domingo, República Dominicana)
_922571
049 _aBNPD
999 _c8133
_d8133